000 00564nam a22002057a 4500
003 KOHA_MİRAKIL
005 20260406093829.0
008 260406b tu ||||| |||| 00| 0 tur d
020 _a9789756731230
040 _aTR-AnABB
_btur
_cTR-AnABB
041 _atur
082 _a813.42
_bOZE 2000
100 1 _aÖzer, Ahmet
245 1 0 _aYüzün yeryüzüdür /
_cAhmet Özer
260 _aAnkara :
_bGüldikeni yayınları,
_c2000
300 _a224 sayfa ;
_c20 cm
500 _aYazar imzalı
650 0 4 _aTürk edebiyatı, roman
942 _2ddc
_cBK
999 _c10149
_d10149
900 _bCan ÇELIK